• 首页
  • 本馆介绍
  • 公告通知
  • 最新文献
  • 馆藏检索
  • 电子资源
  • 读者导购
  • 参考咨询
  • 我的图书馆
  • 登录
  • 详细信息显示
  • 放入我的书架
  • 预约/预借图书
  • 作者相关作品
  • 分类相关作品
  • 丛书相关作品
  • 出版社相关作品

书目信息

  • 表格格式
  • 工作单格式
  • 卡片格式
题名:
文字形义学概论
    
 
作者: 高亨 著
分册:  
出版信息: 济南   齐鲁书社  1981
页数: 330页
开本: 21cm
丛书名:
单 册:
中图分类: H12
科图分类:
主题词: 汉字-字形--概论 , 汉字-字义--概论 , 字义-汉字--概论 , 字形-汉字--概论
电子资源:
ISBN:
000 00683nam0 2200265 45
001 0181008868
005 20060726101417.42
010    @dCNY1.60
091    @a9206.3
100    @a19950127d1981 em y0chiy0121 ea
101 0  @achi
102    @aCN@b370000
105    @ay z 000yy
200 10 @a文字形义学概论@Awen zi xing yi xue gai lun@f高亨著
210    @a济南@c齐鲁书社@d1981
215    @a330页@d21cm
606    @a汉字-字形@x概论
606    @a汉字-字义@x概论
606    @a字义-汉字@x概论
606    @a字形-汉字@x概论
690    @aH12@v3
701  0 @a高亨@Agao heng@4著
801  2 @aCN@bNLC@c20060726
801  0 @aCN@b上海图书馆@c20040421
905    @f1@b54659@dH12@e10
    
    文字形义学概论/高亨著.-济南:齐鲁书社,1981
    330页;21cm
    
    
    ISBN :CNY1.60
    
●
相关链接 在E读中查询图书 在五车中查询图书 在当当中查询图书 在豆瓣中查询图书


正题名:文字形义学概论     索取号:H12/10         预约/预借

序号 登录号 条形码 馆藏地/架位号 状态 备注
1 0054659   001468254   第四借阅区/ [索取号:H12/10] 在馆    
2 0084658   202078839   第二样本阅览室/ [索取号:H12/10] 在馆    
3 0436385   204363857   密集书库/ [索取号:H12/10] 在馆    
唐山师范学院图书馆 欢迎您!
大连网信软件有限公司© 版权所有